| 000 | 00623nam a22002297a 4500 | ||
|---|---|---|---|
| 003 | OSt | ||
| 005 | 20260609162436.0 | ||
| 008 | 260609b |||||||| |||| 00| 0 eng d | ||
| 020 | _a07-061776-7 | ||
| 040 | _cChuka University Library | ||
| 050 | _aQL 351 .S76 1972 | ||
| 100 |
_aStorer I. Tracy _928137 |
||
| 245 | _aGeneral Zoology | ||
| 250 | _a5th ED | ||
| 260 |
_aUSA _bMcGraw-Hill _c1972 |
||
| 300 |
_avii, 899P _bIllustrations, Index and Preface |
||
| 650 | _aBiology | ||
| 700 |
_aUsinger L. Robert _928138 |
||
| 700 |
_aStebbins C. Robert _928139 |
||
| 700 |
_aNybakken W. James _928140 |
||
| 942 |
_2lcc _cBK _n0 |
||
| 999 |
_c23755 _d23755 |
||